Suárez internacionalista (Registro nro. 321851)

Detalles MARC
000 -ENCABEZADO
Número de control [NR] 00840nam a2200217 4500
005 - FECHA Y HORA DE LA ÚLTIMA TRANSACCIÓN
control field 20221109121925.0
008 - DE LONGITUD FIJA DE DATOS DE ELEMENTOS - INFORMACIÓN GENERAL
Elementos de longitud fija [NR] 221109s2020 ck |||gr|||| 00| 0 spa d
020 ## - NUMERO INTERNACIONAL NORMALIZADO PARA LIBROS [R]
Número Internacional Normalizado del libro [NR] 9789584887542
040 ## - FUENTE DE CATALOGACION [NR]
Agencia de catalogación original [NR] CO-BoUCM
Idioma de catalogación [NR] spa
Quien Cataloga Deissy Garcia
Quien Clasifica Deissy Garcia
041 0# - CODIGO DE IDIOMA [R]
Código de idioma para texto/pista de sonido o título separado [R] Español
100 1# - ASIENTO PRINCIPAL--NOMBRE PERSONAL [NR]
ID Autoridad 176142
Nombre personal [NR] Gutiérrez Jaramillo, Camilo
245 10 - MENCION DE TITULO [NR]
Título [NR] Suárez internacionalista
Mención de responsabilidad, etc. [NR] Camilo Gutiérrez Jaramillo ; prólogo Julio Londoño Paredes
260 ## - PUBLICACION, DISTRIBUCION, ETC. (PIE DE IMPRENTA) [R]
Lugar de publicación, distribución, etc. [R] Bogotá
Nombre del editor, distribuidor, etc. [R] [editor no identificado]
Fecha de publicación, distribución, etc. [R] 2020
300 ## - DESCRIPCION FISICA [R]
Extensión [R] 149 páginas
504 ## - NOTA DE BIBLIOGRAFIA, ETC. [R]
Nota de bibliografía, etc. [NR] Incluye referencias bibliográficas
600 #0 - ASIENTO SECUNDARIO DE MATERIA - NOMBRE PERSONAL [R]
Nombre personal [NR] Suárez, Marco Fidel
Fechas asociadas con el nombre [NR] 1855-1927
Subdivisión de forma [R] Biografías
9 (RLIN) 116243
651 ## - ASIENTO SECUNDARIO DE MATERIA - NOMBRE GEOGRAFICO [R]
Nombre geográfico [NR] Colombia
Subdivisión general [R] Relaciones internacionales
9 (RLIN) 86462
700 ## - ASIENTO SECUNDARIO - NOMBRE PERSONAL [R]
9 (RLIN) 78244
Nombre personal [NR] Londoño Paredes, Julio
Fechas asociadas con el nombre [NR] 1938-
Término de relación [R] prólogo
942 ## - ELEMENTOS DE ENTRADA AGREGADOS (KOHA)
Sistema de clasificación DEWEY
Tipo de ítem principal el descrito en 300a Libro
Tema principal Historia
Edición 1
Clasificación 923.186
Parte restante de la signatura top. S961
Título oculto en OPAC No
Existencias
Total préstamos Signatura topográfica Código de barras Última vez visto Ejemplar Costo de reposición Price effective from Tipo de ítem Perdido Sistema de clasificación Dañado No prestable Tipo de ítem específico Suprimido Ubicación habitual Ubicación actual Localización Fecha de creación Forma de adquisición Costo
  923.186 S961 100170920 09/12/2025 Ej.1 26000.00 09/11/2022 Libro   DEWEY     Libro   Claustro Claustro 2do piso 09/11/2022 Donación 0.00